000 02128nam a22002417a 4500
003 BJBSDDR
005 20260514094120.0
007 ta
008 260514s1991 nyu||||| |||| 00| 0 eng d
020 _a9780393310887
020 _a0393310884
040 _bspa
_cBJBSDDR
041 _aeng
050 _bR388 1991
100 1 _aRemini, Robert V
_d1921-2013
_948430
245 1 0 _aHenry Clay :
_bstatesman for the Union /
_cRobert V. Remini
260 _aNew York :
_bW.W. Norton,
_c1991
300 _axxviii, 818 pages :
_billustrations ;
_c25 cm
505 _aThe mill boy of the slashes Kentucky: the dark and bloody ground The Burr conspiracy The duel Emergence of a Republican ideologue Mr. Speaker The diplomat "I am sick of Europe" The ambitious politicians The party disrupter The great compromiser Retirement from politics The American system The presidential election of 1824 The "corrupt bargain" Secretary of State The discouraging world of diplomacy Abominations A vision of the future Enforced retirement Presidential nominee "Scenes of tergiversation, hypocricy, degeneracy and corruption" A crushing defeat Return to triumph The great triumvirate The emergence of the Whig party Tragedy and defeat The panic of 1837 The war of the titans The triumphal tour "Deceived betrayed & beaten" "And Tyler, too" The dictator "Like the soul's quitting the body" Texas "The old coon is dead" "This most unnecessary and horrible war with Mexico" The sage of Ashland Return to the Senate The compromise of 1850 "My political life is over"
520 _aAmong nineteenth-century Americans, few commanded the reverence and respect accorded to Henry Clay of Kentucky. As orator and as Speaker of the House for longer than any man in the century, he wielded great power, a compelling presence in Congress who helped preserve the Union in the antebellum period. Remini portrays both the statesman and the private man, a man whose family life was painfully torn and who burned with ambition for the office he could not reach, the presidency.
942 _2lcc
_n0
_cBK
946 _icmc
999 _c127086
_d127086